000 00482pab a2200169 454500
008 180718b2011 xxu||||| |||| 00| 0 eng d
100 _aAgne, Hans
245 _aThe autonomy of globalizing states: Bridging the gap between democratic theory and international political economy
260 _c2011
300 _ap.43-60.
362 _aJan
650 _aGlobalization
650 _aDemocracy
773 _aInternational Political Science Review
908 _aN
909 _a91925
999 _c91925
_d91925